Länder Asiens mit einer leeren Karte - Statistiken

Allgemein
  • Dieses Quiz wurde 40.617 mal gespielt
  • Das Durchschnittsergebnis liegt bei 40 aus 48
Antworten auf der Karte
Die Antworten werden auf der Karte rot bzw. grün angezeigt, abhängig davon wie oft sie richtig erraten wurden.
 
Antwortstatistiken
Land % Korrekt
China
99%
Indien
97%
Japan
96%
Irak
94%
Iran
94%
Nordkorea
94%
Südkorea
94%
Thailand
93%
Indonesien
92%
Pakistan
92%
Afghanistan
91%
Mongolei
91%
Nepal
91%
Saudi-Arabien
91%
Vietnam
91%
Kasachstan
90%
Israel
88%
Jemen
87%
Türkei
87%
Usbekistan
87%
Laos
86%
Oman
86%
Turkmenistan
86%
Bangladesch
85%
Syrien
85%
Kirgisistan
84%
Armenien
83%
Aserbaidschan
83%
Bhutan
83%
Georgien
83%
Sri Lanka
83%
Malaysia
82%
Myanmar
82%
Tadschikistan
82%
Jordanien
81%
Taiwan
81%
Philippinen
80%
Kambodscha
79%
Katar
79%
Vereinigte Arabische Emirate
79%
Singapur
78%
Libanon
75%
Bahrain
72%
Kuwait
71%
Brunei
69%
Malediven
67%
Osttimor
66%
Zypern
57%
Keine übereinstimmenden Quizze gefunden
Verteilung der Resultate
Anzahl Personen mit jedem Resultat
Perzentil nach korrekt beantworteten Fragen
Ihre Resultats-Entwicklung
Sie haben dieses Quiz noch nicht gespielt